Footballeurs en J - Statistiques

Statistiques générales
  • Ce quiz a été pris 101 fois
  • Le résultat moyen est 9 sur 20
Statistiques - réponses
Par images Réponse % Correct
Jota
95%
Jallet
92%
Juninho
91%
James
87%
Jorginho
81%
Jackson
73%
Juanfran
72%
Jesé
56%
Jovic
56%
Joselu
52%
Januzaj
40%
Jovetic
34%
Janot
31%
Jones
27%
Jussie
22%
Jurietti
15%
Janvion
6%
Jenkinson
5%
Jemmali
3%
Jouffre
1%
Aucun quiz correspondant
Distribution des résultats
% des personnes avec chaque résultat
Percentile par nombre de réponses
Votre historique - résultats
Vous n’avez pas pris ce quiz